Power system analysis & stabiligy (Record no. 13720)
[ view plain ]
| 000 -LEADER | |
|---|---|
| fixed length control field | 00315nam a22001337a 4500 |
| 020 ## - INTERNATIONAL STANDARD BOOK NUMBER | |
| International Standard Book Number | 8174090592 |
| 082 ## - DEWEY DECIMAL CLASSIFICATION NUMBER | |
| Classification number | 621.31 VAD |
| 100 ## - MAIN ENTRY--PERSONAL NAME | |
| Personal name | S. S. Vadhera |
| 245 ## - TITLE STATEMENT | |
| Title | Power system analysis & stabiligy |
| 260 ## - PUBLICATION, DISTRIBUTION, ETC. | |
| Place of publication, distribution, etc. | Delhi |
| Name of publisher, distributor, etc. | Khanna Publishers |
| Date of publication, distribution, etc. | 2013 |
| 300 ## - PHYSICAL DESCRIPTION | |
| Extent | 1006p. |
| 650 ## - SUBJECT ADDED ENTRY--TOPICAL TERM | |
| Topical term or geographic name entry element | Electric power systems |
| 942 ## - ADDED ENTRY ELEMENTS (KOHA) | |
| Koha item type | Book |
| Withdrawn status | Lost status | Damaged status | Not for loan | Collection code | Permanent Location | Current Location | Shelving location | Date acquired | Source of acquisition | Cost, normal purchase price | Total Checkouts | Total Renewals | Full call number | Barcode | Date last seen | Date last checked out | Price effective from | Koha item type |
|---|---|---|---|---|---|---|---|---|---|---|---|---|---|---|---|---|---|---|
| Central Library (CL) | Central Library (CL) | General Stacks | 09/28/2016 | Allied Book Company | 331.00 | 2 | 3 | 621.31 VAD | SEECS013493 | 06/11/2022 | 01/01/2022 | 09/28/2016 | Book | |||||
| Central Library (CL) | Central Library (CL) | General Stacks | 09/28/2016 | Allied Book Company | 331.00 | 2 | 3 | 621.31 VAD | SEECS013494 | 02/08/2020 | 11/10/2019 | 09/28/2016 | Book |
